000 00380nam a2200157 4500
008 170125s2003||||xo d
100 1 _aJozef Tomko
_9105
245 1 0 _aNa misijných cestách II
250 _a1. vydanie
260 _bSpolok sv. Vojtecha
_aTrnava
_c2003
300 _a304 s.
020 _a80-7162-446-2
_c0
041 1 _aslo
044 _axo
_cSK
958 _aAPR
999 _c21226
_d21226